000 00429nam a2200181Ia 4500
001 15451
005 20260306170157.0
008 260306t2001||||xx |||||||||||||| ||und||
041 _aESP
082 _a540
_bL87
100 _aLópez Cancio, José Antonio
_eAUT
245 0 _aProblemas de química
260 _c2001
300 _aix, 355 páginas :
_c27 cm.
650 _aGEN
654 _aCCN
942 _cLIB
_dJUS
_fJUS
_2ddc
_n
999 _c15451
_d15451